LEADER 00902nam a2200193 4500 001 000000362734 003 CaOOAMICUS 005 20250509093830.0 008 250509s1887 it 000 u ita r 040 $aSeMil$bita 100 1 $aDe Gaudenzi, Pietro Giuseppe.$0(OLS)http://semarc/name/29709 245 10$aAllocuzione detta nella consecrazione della nuova cappella del seminario /$cS. E. Ill.ma e Rev.ma Monsignor Vescovo P. G. De-Gaudenzi. 264 1$aMortara :$bPremiata Tipografia Cortellezzi,$c1887. 300 $a14 p. ;$c19 cm 850 $aSeMil 852 $aSeMil$W1$xVenegono$y1$m5A VIII 10/2$j256679$B253638$CSeMilBibl$Z2$F253638 $8I 996 $6245$aAllocuzione detta nella consecrazione della nuova cappella del seminario$9(OLS)http://semarc/title/453703 996 $6264$aMortara :$bPremiata Tipografia Cortellezzi$9(OLS)http://semarc/publisher/62343 LEADER 00714nam a2200181 i 4500 001 000000024457 003 CaOOAMICUS 005 20180830125446.0 008 180830s1933 it u000 u ita u 040 $aSeMil$bita 245 13$aLa definizione dei rapporti incerti. 260 $aTorino :$bUnione Tipografico-Editrice Torinese,$c1933. 300 $av. ;$c24 cm. 650 4$aTransazione .$0(OLS)http://semarc/subject/37222 700 1 $aButera, Antonio.$0(OLS)http://semarc/name/10840 774 0 $tDelle transazioni.$g1$w()198337 996 $6245$aLa definizione dei rapporti incerti$9(OLS)http://semarc/title/32864 996 $6260$aTorino :$bUnione Tipografico-Editrice Torinese$9(OLS)http://semarc/publisher/29628